Africké štáty zapojené do európskej susedskej politiky a ich potenciál na partnerstvo s Európskou úniou

Politika Európskej susedskej politiky (ENP) - Strategický dokument o Európskej susedskej politike (2004). Je to rámcová politika, ktorá sa vzťahuje na jej východných a južných susedov. Pre južných susedov, africké štáty, je typické iná kultúra aj hodnoty, preto by sa k týmto štátom malo pristupovať...

Ausführliche Beschreibung

Gespeichert in:
Bibliographische Detailangaben
1. Verfasser: Štubniak, Marek
Format: Buchkapitel
Sprache:Slowakisch
Schlagworte:
Tags: Tag hinzufügen
Keine Tags, Fügen Sie das erste Tag hinzu!

MARC

LEADER 00000nla$a2200000$$$4500
001 0145734
005 20240502072629.9
041 0 |a slo 
044 |a SK 
245 1 0 |a Africké štáty zapojené do európskej susedskej politiky a ich potenciál na partnerstvo s Európskou úniou  |c Marek Štubniak 
520 |a Politika Európskej susedskej politiky (ENP) - Strategický dokument o Európskej susedskej politike (2004). Je to rámcová politika, ktorá sa vzťahuje na jej východných a južných susedov. Pre južných susedov, africké štáty, je typické iná kultúra aj hodnoty, preto by sa k týmto štátom malo pristupovať s veľkou obozretnosťou a s uvážením. Africké krajiny a ich pohľad na ENP. Migračné ciele na Africkom kontinente. Revolúcie v Severnej Afrike vo veľkej miere ovplyvnili novy návrh reformy Európskej susedskej politiky. 
610 2 0 |a Európska únia 
610 2 0 |a Afrika 
610 2 0 |a politika hospodárska medzinárodná 
610 2 0 |a vzťahy hospodárske medzinárodné 
100 1 |a Štubniak, Marek